000
00277nam a2200133Ia 4500
100
_a
Johnson/Philip/M
942
_c
BK
654
_a
Metal
245
_a
Sheet Metal Book I
260
_b
Taraporevala Sons & Co
_c
2001
082
_a
671.8
300
_a
170
546
_a
ENGLISH
999
_c
32007
_d
32007